Personnages joués par Pedro Pascal par images (click) - Statistiques

Statistiques générales
  • Ce quiz a été pris 34 fois
  • Le résultat moyen est 6 sur 16
Statistiques - réponses
Hint Réponse % Correct
Gladiator 2
96%
The Mandalorian
92%
The Last of Us
72%
Wonder Woman 1984
60%
Game of Thrones
48%
La Grande Muraille
44%
Kingsman : Le Cercle d'or
32%
Triple Frontière
24%
Prospect
20%
Narcos
20%
C'est nous les héros
16%
Si Beale Street pouvait parler
16%
Freaky Tales
12%
Drive-Away Dolls
12%
The Uninvited
4%
Un talent en or massif
0%
Aucun quiz correspondant
Distribution des résultats
% des personnes avec chaque résultat
Percentile par nombre de réponses
Votre historique - résultats
Vous n’avez pas pris ce quiz